Babri Masjid (Record no. 15981)

MARC details
000 -LEADER
fixed length control field 00625nam a2200241 a 4500
020 ## - INTERNATIONAL STANDARD BOOK NUMBER
ISBN 8185220
082 00 - DEWEY DECIMAL CLASSIFICATION NUMBER
Classification number 930.10285
Author Cutter AKH
100 ## - MAIN ENTRY--AUTHOR NAME
Author name Akhtar, Mohammad Jamil
245 ## - TITLE STATEMENT
Title Babri Masjid
Sub title a Tale Untold
260 ## - PUBLICATION, DISTRIBUTION, ETC. (IMPRINT)
Place of publication Delhi
Name of publisher Instt.Of Objective Studies
Year of publication 1997
300 ## - PHYSICAL DESCRIPTION
Number of Pages 389p
500 ## - GENERAL NOTE
General note includes index and biblioraphy
505 2# - FORMATTED CONTENTS NOTE
Formatted contents note Glossary
650 ## - SUBJECT ADDED ENTRY--TOPICAL TERM
Topical Term Babri Masjid-Archaelogy
942 ## - ADDED ENTRY ELEMENTS (KOHA)
Koha item type Books
700 1# -
-- Akhtar, Mohammad Jamil
Holdings
Collection code Home library Current library Date acquired Cost, normal purchase price Full call number Accession Number Koha item type
  Henry Martyn Institute Library Henry Martyn Institute Library 06/06/2007 450.00 930.10285 AKH 020136 Books
                   Copyright © 2026 | Henry Martyn Institute | Hyderabad | TS-500052 | INDIA | Implemented by hmi.edu.in
Hit-Count:

Powered by Koha